| 000 | 00958nam a22002057a 4500 | ||
|---|---|---|---|
| 005 | 20210526224748.0 | ||
| 008 | 210526s2005 pe |||fr|||| 001 0 spa d | ||
| 020 | _a9972627675 | ||
| 040 |
_aCENDOC CAAAP _bspa _cCAAAP |
||
| 041 |
_aque _hspa |
||
| 050 |
_aPM 6301 _bT27 |
||
| 100 | 1 |
_92490 _aTaylor, Gérald, |
|
| 245 | 1 |
_aRelatos quechuas del Alto Imaza : _bChachapoyas / _cGerald Taylor. |
|
| 260 |
_aLima: _bInstituto Francés de Estudios Andinos : _bLluvia Editores, _c2005 |
||
| 300 |
_a74 p. : _bilustraciones ; _c24 |
||
| 505 | _aContiene : Presentación --Runa Wambran (el hijo del hombre) --- Atuj Tumlhaon (El zorro y la tumlla) -- Tayta kura kantoron (Tayta cura y el cantor) -- Atujon Leoneron (El zorro y el león) -- Wakawilhka (La Huacahuillca) -- Kur Lhuychu (El venado de oro). | ||
| 650 | 0 |
_91351 _aLiteratura quechua _xTraducciones al español _zPerú |
|
| 650 | 0 |
_92572 _aCuentos infantiles peruanos _ySiglo XX. |
|
| 942 |
_2lcc _b27 - 05 - 21 _cBK |
||
| 999 |
_c1420 _d1420 |
||